000 00267nam a2200097Ia 4500
001 641641
005 20250826153511.0
008 250824s9999 xx 000 0 und d
245 0 _aÜÇ SİLAHŞÖRLER GENÇLİK KLASİKLERİ
_cALEXANDRE DUMAS
260 _bTİMAŞ ÇOCUK
999 _c641641
_d641641